Quizzes
Events
Quiz Creation
Community
Videos
Private Events
Remove Ads
Sign In
Join for FREE
Feedback
Dark Mode
Quiz Categories
Sports
Geography
Music
Movies
Television
Just For Fun
Miscellaneous
History
Literature
Language
Science
Gaming
Entertainment
Religion
Holiday
For Kids
Quiz Lab
Recent
Popular Today
Quiz Kudos Today
Editor Picks
Curator Picks
Quizzes by...
Day
Popularity
Type
Ratings
Length
Year
Community
Subscriptions
Recent Discussions
Orange Saloon
Badges
Playlists
Quests
Create
Leaderboards
Showdown
Live 5
Trivia Bingo
Activity
Puzzle Library
Sporcle Events
Private Events
Virtual Trivia
Globe League
Become a Host
Pub Owners
SporcleCon
Opinionation
Our Games
Videos
Blog
Mobile Apps
Partnerships
Remove Ads and Go Orange
Feedback
Gaming
Video Games
Board Games
Card Games
Pokémon
Mario
Nintendo
Minecraft
Console
Toys
Legend of Zelda
Gaming
Video Games
Board Games
Card Games
Pokémon
Mario
Nintendo
Minecraft
Console
Toys
Legend of Zelda
Random Quiz
Search Sporcle
×
Quiz Lab
Quiz Lab
Gaming
Marvel
Type in answers that appear in a list
Type in answers that appear in a list
Classic
Best Score? Go Orange.
Marvel Ultimate Alliance 2 Characters Stats
Can you name the Marvel Ultimate Alliance 2 Playable Characters?
By
zztophats
5m
24 Questions
118 Plays
118 Plays
118 Plays
Comments
Comments
Give Quiz Kudos
Give Quiz Kudos
-
- Ratings
hide this ad
Forced Order
Answers have to be entered in order
Answers have to be entered in order
Replay
Link that replays current quiz
Next Quiz
Link to next quiz in quiz playlist
You Got
0%
They Got
Avg Score
92%
Avg Friend Score
Upgrade to see
Score Distribution
Jump to the score distribution portion of the page
Score
0/24
Timer
05:00
0
Plays Today
Desciption
Name
% Correct
Super Soldier Serum, Uses a shield, was frozen in a block of Ice
Captain America
100%
Turns into ice
Iceman
100%
Blind, Fights the streets of New York
Daredevil
99.2%
Spiderman's enemy, Uses a glider, driven mad by a serum that made him strong
Green Goblin
99.2%
Created by gamma exposure, Appears when angry, Green
Hulk
99.2%
'Flame On!', Uses fire
Human Torch
99.2%
Turns invisible, Uses force fields
Invisible Woman
98.3%
Has suit of armor, Billionaire genuis
Iron Man
98.3%
Nicknamed 'Rajun' Cajun', Uses cards, Uses kinetic energy inside objects
Gambit
97.5%
Can stretch out his body, Very smart
Mr. Fantastic
96.6%
Leader of Shield, Infinity Formula increased his lifespan
Nanite Nick Fury
95.8%
Web/
spider powers
Spider-Man
95.8%
Desciption
Name
% Correct
Healing power, Claws
Wolverine
94.9%
'The Phoenix', Very dangerous powers
Jean Grey
94.1%
Norse God, Uses a hammer
Thor
94.1%
Friends with Luke Cage, Punches hard
Iron Fist
91.5%
Uses nature powers, lightning
Storm
91.5%
Body made of rock, Unhappy with his body
Thing
91.5%
Posionous suit, Spiderman's enemy
Venom
89.8%
Friends with Iron Fist, Fights with a chain
Luke Cage
89%
Ability to teleport, Mercenary
Deadpool
85.6%
Uses energy, Can fly, Genetic stucture rewritten with Mar-
Vell's
Ms. Marvel
76.3%
Superhuman abilities activated by pain, Has suit with inward spikes
Penance
72%
Makes shapes from sound, Uses singing
Songbird
70.3%
Quiz Playlist
Details
Report
Send in Message
Add To Playlist
Classic:
Type in answers that appear in a list
Forced Order:
Answers have to be entered in order
Quiz Source
Last Updated: Feb 16, 2017
Quiz Scoreboard
CHALLENGE
Sign Up to Join the Scoreboard
Show All
Scores
Hide
Comments
May contain spoilers
Recently Published
An Introduction to Baseball
by treessimontrees
Sports
5m
Movies - When Are They Set?
by FPL_Elf
Movies
5m
Popular People in 1961
by mucciniale
History
6m
More to Explore
Quiz From the Vault
Featured Blog Post
Where Did the Easter Bunny Come From?
hide this ad
You Might Also Like...
Tags
Marvel Quiz
Today's Top Quizzes in Gaming
Browse Gaming
hide this ad
Today's Top Quizzes in Marvel
Browse Marvel
Top Contributed Quizzes in Gaming
1
Destiny 2 exotic weapons by perk icons
2
5-to-1: Consoles
3
Ultimate Genshin Impact Logic Puzzle (up to 4.3)
4
7-to-1: Board Game Piece Blitz
5
5-to-1: Legend of Zelda
6
Franchise by Action Figure
7
Who's on the WWE 2K24 Cover?
8
Windmill: Pokémon
9
Genshin Impact Logic Puzzle Quiz
10
Legendary or Exotic?
Explore More
Trending Topics
Marvel
Anime
Disney
Kpop
NBA
Harry Potter
Crossword
NFL
WWE
Song
Puzzle
Pokémon
Soccer
The Office
Country
hide this ad
More By:
zztophats
Quiz
Plays
Rating
Category
Featured
Created
Marvel Ultimate Alliance 2 Characters
118
Gaming
Mar 10, 2012
World of Warcraft Dungeons
91
2.00
Gaming
Mar 31, 2012
Go to Creator's Profile
Score Distribution
Quiz Creator Spotlight
zztophats
Follow
Send a Message
Quizzes Created
-
Created Quiz Play Count
-
More By This Creator
Popular Quizzes Today
1
Find the Countries of Europe - No Outlines Minefield
2
Find the US States - No Outlines Minefield
3
The Countries of the World
4
Popular People in 1961
5
US States
6
Find the US States
7
1-10 Letter E Words III
8
Risky Map Clicking: Biggest States A-Z
More Gaming Quizzes
Cats as Pokémon
Editor's Pick
Trending Quizzes
Risky Map Clicking: Least Populous States A-Z
1-10 Letter F Words
1-10 Letter G Words
One Thing in Common: United Kingdom
Not Quite an Element Typing Challenge
Recently Updated
Leaping Animals
pecheneg
Reality TV Shows (A-Z)
bhenderson79
Rickey Henderson's Hall of Fame Teammates
pecheneg
Champions League XIs: Arsenal
pecheneg
Quick Pick: Celebrities in WWE's Hall of Fame
aduchscher
A-Z Keypad Blitz II
pecheneg
Multiple Oscar Actors
pecheneg
Mystery Phrase Blitz: Oscar 'Best Actors'
pecheneg
F. Scott Fitzgerald Novels
LTH
Pick 3 Villains
ddd62291
Trending Topics
Kpop
Crossword
Harry Potter
Anime
NBA
Disney
Marvel
The Office
Puzzle
Pokémon
NFL
Soccer
WWE
Country
Song
Your Account Isn't Verified!
In order to create a playlist on Sporcle, you need to verify the email address you used during registration. Go to your
Sporcle Settings
to finish the process.
Report this User
Report this user for behavior that violates our
Community Guidelines
.
Details:
Send Report
Go to the Sporcle.com Mobile Site →
Comments